Yakınlarından hatıralar. (Record no. 45078)

MARC details
000 -LEADER
fixed length control field 00633cam a22002291a 4500
001 - CONTROL NUMBER
control field ne 62000542
003 - CONTROL NUMBER IDENTIFIER
control field DLC
005 - DATE AND TIME OF LATEST TRANSACTION
control field 20260227111735.0
008 - FIXED-LENGTH DATA ELEMENTS--GENERAL INFORMATION
fixed length control field 840509s1955 tu b 000 0btur
010 ## - LIBRARY OF CONGRESS CONTROL NUMBER
LC control number ne 62000542
035 ## - SYSTEM CONTROL NUMBER
System control number (OCoLC)25767353
040 ## - CATALOGING SOURCE
Original cataloging agency DLC
Transcribing agency NjP
Modifying agency MiU
-- DLC
042 ## - AUTHENTICATION CODE
Authentication code premarc
043 ## - GEOGRAPHIC AREA CODE
Geographic area code a-tu---
050 00 - LIBRARY OF CONGRESS CALL NUMBER
Classification number DR592.K4
Item number S57
245 00 - TITLE STATEMENT
Title Yakınlarından hatıralar.
260 ## - PUBLICATION, DISTRIBUTION, ETC.
Place of publication, distribution, etc. İstanbul :
Name of publisher, distributor, etc. Sel Yayınları,
Date of publication, distribution, etc. 1955.
300 ## - PHYSICAL DESCRIPTION
Extent 119 p. ;
Dimensions 17 cm.
490 0# - SERIES STATEMENT
Series statement Atatürk kütüphanesi ;
Volume/sequential designation 8
504 ## - BIBLIOGRAPHY, ETC. NOTE
Bibliography, etc. note Includes bibliographical references (p. 119).
600 10 - SUBJECT ADDED ENTRY--PERSONAL NAME
Personal name Atatürk, Kemal,
Dates associated with a name 1881-1938.

No items available.

Powered by Koha